|
|
|
|
| LEADER |
00000nam0a2200000 4500 |
| 001 |
313864 |
| 005 |
20231102002623.0 |
| 035 |
|
|
|a (RuTPU)RU\TPU\book\339255
|
| 090 |
|
|
|a 313864
|
| 100 |
|
|
|a 20160204d1953 k y0rusy50 ca
|
| 101 |
0 |
|
|a rus
|
| 102 |
|
|
|a RU
|
| 105 |
|
|
|a a z 001zy
|
| 200 |
1 |
|
|a Микроклин. (Опыт систематики щелочных полевых шпатов)
|f А. М. Кузьмин
|g Томский политехнический институт
|e [оттиск статьи]
|
| 210 |
|
|
|a Томск
|d 1953
|
| 215 |
|
|
|a с. 47-107
|c ил.
|
| 225 |
1 |
|
|a Известия Томского Политехнического Института
|v Т. 74, вып. 1
|
| 300 |
|
|
|a Оттиск.
|
| 316 |
|
|
|5 63413507: ШкА/6147
|a На титульном листе дарственная надпись: «В Н-техническую библиотеку Томского Политехнического Института им. С. М. Кирова от автора"
|
| 320 |
|
|
|a Библиогр.: с. 104-107.
|
| 606 |
1 |
|
|a Полевой шпат
|x Минералогия
|2 stltpush
|3 (RuTPU)RU\TPU\subj\72329
|9 85890
|
| 610 |
1 |
|
|a щелочные полевые шпаты
|
| 610 |
1 |
|
|a систематика
|
| 610 |
1 |
|
|a труды учёных ТПУ
|
| 610 |
1 |
|
|a дарственная надпись
|
| 610 |
1 |
|
|a дары библиотеке
|
| 610 |
1 |
|
|a история
|
| 610 |
1 |
|
|a химический состав
|
| 610 |
1 |
|
|a типоморфные минералы
|
| 610 |
1 |
|
|a свойства
|
| 610 |
1 |
|
|a дары автора
|
| 610 |
1 |
|
|a коллекция ТПУ
|
| 610 |
1 |
|
|a труды учёных ТПУ
|
| 675 |
|
|
|a 549.65
|v 4
|
| 700 |
|
1 |
|a Кузьмин
|b А. М.
|c российский геолог
|c профессор Томского политехнического института
|f 1891-1980
|g Алексей Михайлович
|2 stltpush
|3 (RuTPU)RU\TPU\pers\13901
|
| 712 |
0 |
2 |
|a Томский политехнический институт
|c (1944-1991)
|2 stltpush
|3 (RuTPU)RU\TPU\col\1123
|9 23521
|
| 801 |
|
1 |
|a RU
|b 63413507
|c 20160204
|
| 801 |
|
2 |
|a RU
|b 63413507
|c 20200217
|g RCR
|
| 942 |
|
|
|c BK
|